Relationship between the Transport Performance and Financial Coverage in Urban Public Transport in the Czech Republic

Cieľom prezentovaného výskumu bolo porovnať prepravné výkony merané vozokilometrami s prevádzkovými nákladmi, ktoré vynaložilo trinásť dopravných spoločností v Českej republike od roku 2010 do roku 2019. Toto obdobie bolo zvolené tak, aby náš výskum nebol ovplyvnený ochorením Covid- 19 pandémia. Fin...

Ausführliche Beschreibung

Gespeichert in:
Bibliographische Detailangaben
1. Verfasser: Kubík, Josef
Weitere Verfasser: Urbánek, Tomáš
Format: Buchkapitel
Sprache:Englisch
Schlagworte:
Tags: Tag hinzufügen
Keine Tags, Fügen Sie das erste Tag hinzu!

MARC

LEADER 00000naa a2200000 4500
001 0306096
005 20250113103205.9
041 0 |a eng 
044 |a SK 
245 1 0 |a Relationship between the Transport Performance and Financial Coverage in Urban Public Transport in the Czech Republic  |c Josef Kubík, Tomáš Urbánek 
520 |a Cieľom prezentovaného výskumu bolo porovnať prepravné výkony merané vozokilometrami s prevádzkovými nákladmi, ktoré vynaložilo trinásť dopravných spoločností v Českej republike od roku 2010 do roku 2019. Toto obdobie bolo zvolené tak, aby náš výskum nebol ovplyvnený ochorením Covid- 19 pandémia. Finančné krytie prevádzkových nákladov zahŕňa výnosy z cestovného a kompenzácie z mestských rozpočtov. Využili sme údaje z výročných správ Zväzu dopravných podnikov ČR. Na základe získaných údajov sme potvrdili pozitívny vzťah medzi počtom obyvateľov mesta, rozsahom prepravných výkonov a následne aj celkovými prevádzkovými nákladmi. 
610 2 0 |a výskum 
610 2 0 |a spoločnosti dopravné 
610 2 0 |a náklady prevádzkové 
610 2 0 |a výnosy 
610 2 0 |a rozpočty 
610 2 0 |a obyvateľstvo 
100 1 |a Kubík, Josef 
700 1 |a Urbánek, Tomáš